Advanced calculus

Saved in:
Bibliographic Details
Main Author: Buck, R. Creighton (Robert Creighton), 1920-1998
Format: Book
Language:English
Published: New York : McGraw-Hill, 1956
Series:International series in pure and applied mathematics
Subjects:
Tags: Add Tag
No Tags, Be the first to tag this record!

MARC

LEADER 00000cam a2200000 i 4500
001 1/96655
008 081105s1956 eng d
035 |l 10101422 
040 |a GR-MY-UA  |b gre  |e aacr 
041 0 |a eng 
082 0 |a 515  |2 (22) 
100 1 |a Buck, R. Creighton   |q (Robert Creighton),   |d 1920-1998. 
245 1 0 |a Advanced calculus /  |c R. Creighton Buck 
260 |a New York :   |b McGraw-Hill,   |c 1956 
300 |a 423 σ.;  |b εικ.;  |c 24 εκ. 
490 1 |a International series in pure and app;ied mathematics 
504 |a Περιέχει ευρετήριο 
650 0 0 |a Calculus. 
650 0 0 |a Mathematical analysis. 
830 0 |a International series in pure and applied mathematics 
852 |a INST  |b SAMOS  |c MAG  |e 20081105  |h 515 BUC  |p 005300029683  |q 005300029683  |t BK  |y 0 
901 |a BIBL3-2008-3 
909 |a Σ  |b 155297 
970 |a ΣΙΤΖΙΜΗ  |b ΓΙΑΣΕΜΗ  |z 2008/11/05